| 000 | 00835 a2200253 4500 | ||
|---|---|---|---|
| 003 | OSt | ||
| 005 | 20230831123741.0 | ||
| 007 | ta | ||
| 008 | 230218s2016 mx a||||r|||| 001 0 spa d | ||
| 020 | _a9789587780376 | ||
| 040 | _cCHAP | ||
| 082 | 0 | 0 |
_222 _a657.7 _bT86 |
| 100 | 1 |
_9187854 _aTrujillo Navarrete, Jorge |
|
| 245 | 1 | 0 |
_aMatemáticas financieras y decisiones de inversión / _cpor Jorge Trujillo Navarrete y Óscar Martínez Herrera. |
| 264 | 1 |
_aCiudad de México : _bAlfaomega, _c2016. |
|
| 300 |
_axxxi, 291 páginas: _btablas, figuras. |
||
| 490 | 1 | _aAdministración. | |
| 504 | _aIncluye bibliografía | ||
| 650 | 4 |
_940941 _aFinanzas _xMatemáticas |
|
| 650 | 4 |
_960178 _aInversiones |
|
| 700 | 1 |
_9187855 _aMartínez Herrera, Oscar |
|
| 830 |
_9187768 _aAdministración. _pContabilidad y finanzas. |
||
| 942 |
_cLibro _2ddc |
||
| 999 |
_c218390 _d218390 |
||